000
00332nam a2200145Ia 4500
003
OSt
005
20240330124426.0
008
170524s9999 xx 000 0 und d
020
_a
NIL
040
_c
IIMT UNIVERSITY
100
_a
Banarjee Banip
245
0
_a
FOUNDATION OF ETHICS IN MANAGEMENT
260
_a
Excel
942
_2
ddc
_c
02
999
_c
3195
_d
3195